[Event "TCh-NED Meesterklasse 2011-12"]
[Site "Netherlands NED"]
[Date "2012.03.10"]
[Round "7.10"]
[White "Bus,T"]
[Black "Michielsen,J"]
[Result "0-1"]
[WhiteElo "2186"]
[BlackElo "2317"]

1.c4 c6 2.g3 d5 3.Nf3 dxc4 4.Bg2 e6 5.O-O Nf6 6.a4 b5 7.axb5 cxb5 8.Nd4 Nd5
9.Nxb5 Nd7 10.N1c3 Bb7 11.Qa4 N5b6 12.Bxb7 Nxa4 13.Rxa4 Rb8 14.Bc6 a6 15.Rxa6 Bc5
16.b4 cxb3 17.d4 Bb4 18.Ra7 O-O 19.Rxd7 Qb6 20.d5 exd5 21.Bxd5 b2 22.Be3 Qg6
23.Be4 Qe6 24.Rd4 Bc5 25.Ra4 Bxe3 26.fxe3 Rxb5 27.Nxb5 Qb3 28.Nc3 Qxc3 29.Bd5 Qxe3+
30.Kh1 Qxe2 31.Rxf7 Qd1+  0-1

[Event "Reykjavik Open"]
[Site "Reykjavik ISL"]
[Date "2012.03.10"]
[Round "5.32"]
[White "Cummings,D"]
[Black "Marzano,C"]
[Result "1-0"]
[WhiteElo "2341"]
[BlackElo "2164"]

1.c4 c6 2.d4 d5 3.Nf3 Nf6 4.e3 a6 5.Bd3 Bg4 6.Nbd2 e6 7.O-O Nbd7 8.Qc2 c5
9.b3 Rc8 10.Bb2 Be7 11.Rac1 cxd4 12.exd4 O-O 13.Ne5 Bh5 14.Qb1 Bg6 15.Nxg6 hxg6
16.Nf3 Nb8 17.c5 Ng4 18.h3 Nh6 19.b4 Nc6 20.Bc3 Bf6 21.a4 Nf5 22.Qb2 Re8
23.Rfe1 Ra8 24.b5 axb5 25.axb5 Nb8 26.Ra1 Nd7 27.c6 Nb6 28.Rxa8 Qxa8 29.Ra1 Qb8
30.Ba5 bxc6 31.bxc6 Nc4 32.Qxb8 Rxb8 33.c7 Rc8 34.Bxc4 dxc4 35.Rb1 Kh7 36.g4 Nd6
37.Rb6 Be7 38.Rc6 Ra8 39.Ne5 f6 40.Nxc4 Nxc4 41.Rxc4 Rc8 42.Rc6 Kg8 43.Rb6  1-0

[Event "UTD GM Invitational"]
[Site "Richardson USA"]
[Date "2012.03.10"]
[Round "1"]
[White "Leon Hoyos,M"]
[Black "Holt,C"]
[Result "1-0"]
[WhiteElo "2569"]
[BlackElo "2499"]

1.c4 c6 2.Nf3 d5 3.g3 Bg4 4.Bg2 Nd7 5.cxd5 cxd5 6.Nc3 Ngf6 7.O-O e6 8.d3 Be7
9.h3 Bh5 10.e4 O-O 11.g4 dxe4 12.dxe4 Bg6 13.Qe2 Qb8 14.e5 Ne8 15.Rd1 Nb6
16.Nd4 Nc7 17.f4 Bc5 18.Be3 Rd8 19.Nf5 Rxd1+ 20.Rxd1 exf5 21.Bxc5 Ne6 22.Be3 Qc7
23.Nb5 Qc4 24.Qxc4 Nxc4 25.Bc1 fxg4 26.hxg4 Bc2 27.Rd7 g5 28.f5 Nxe5 29.Rd5 Nd3
30.fxe6 Nxc1 31.e7  1-0

[Event "UTD GM Invitational"]
[Site "Richardson USA"]
[Date "2012.03.10"]
[Round "1"]
[White "Kacheishvili,G"]
[Black "Iotov,V"]
[Result "1-0"]
[WhiteElo "2612"]
[BlackElo "2560"]

1.c4 c6 2.d4 d5 3.Nf3 Nf6 4.Nc3 dxc4 5.a4 Bf5 6.Ne5 Nbd7 7.Nxc4 Qc7 8.g3 e5
9.dxe5 Nxe5 10.Bf4 Nfd7 11.Bg2 g5 12.Ne3 gxf4 13.Nxf5 O-O-O 14.Qc2 Kb8 15.O-O fxg3
16.hxg3 h5 17.Rfc1 Ng4 18.Nb5 Qe5 19.Nbd4 Bc5 20.e3 Qf6 21.b4 Bxd4 22.exd4 h4
23.b5 hxg3 24.fxg3 Rc8 25.bxc6  1-0

[Event "Reykjavik Open"]
[Site "Reykjavik ISL"]
[Date "2012.03.11"]
[Round "6.54"]
[White "Sigurdsson,Birkir Karl"]
[Black "Lee,Ka"]
[Result "0-1"]
[WhiteElo "1716"]
[BlackElo "2093"]

1.c4 c6 2.d4 d5 3.cxd5 cxd5 4.Nc3 Nf6 5.Nf3 e6 6.Bg5 Nbd7 7.e3 Qa5 8.a3 Ne4
9.Qc2 Bb4 10.Rc1 Bxc3+ 11.bxc3 Qxa3 12.Bd3 h6 13.Bf4 Ndf6 14.O-O O-O 15.Ne5 Qe7
16.c4 g5 17.Bg3 b6 18.c5 Bb7 19.cxb6 axb6 20.Qb2 Ba6 21.Qxb6 Bxd3 22.Nxd3 Nxg3
23.hxg3 Ne4 24.Ne5 Ra2 25.Rc7 Qa3 26.Nxf7 Ra1 27.Nxh6+ Kh8 28.Rxa1 Qxa1+
29.Kh2 Nxf2 30.Nf7+ Rxf7 31.Qb8+ Kg7 32.Rxf7+ Kxf7 33.Qc7+ Kg6 34.g4 Qh1+
35.Kg3 Ne4+  0-1

[Event "Reykjavik Open"]
[Site "Reykjavik ISL"]
[Date "2012.03.11"]
[Round "6.22"]
[White "Steingrimsson,H"]
[Black "Arjun,B"]
[Result "1-0"]
[WhiteElo "2556"]
[BlackElo "2210"]

1.c4 c6 2.Nf3 Nf6 3.g3 d5 4.Bg2 Bf5 5.O-O e6 6.d3 Nbd7 7.Nc3 Be7 8.Be3 O-O
9.Qb3 Qc8 10.Rac1 Rd8 11.Nh4 dxc4 12.Nxf5 exf5 13.Qxc4 Nb6 14.Qb3 Nbd5 15.Bd2 Qd7
16.Rfd1 Nxc3 17.bxc3 Re8 18.a4 Bc5 19.Bf3 h6 20.Rb1 Re7 21.Rb2 Rae8 22.Qc4 Bd6
23.Rdb1 Qc8 24.a5 a6 25.Qh4 Nh7 26.e3 Nf6 27.Qa4 Ng4 28.Bg2 h5 29.h3 Ne5
30.d4 Ng6 31.Qd1 h4 32.g4 fxg4 33.Qxg4 Qa8 34.Kh1 Rb8 35.e4 Bc7 36.f4 Bxa5
37.f5 Rf8 38.Rg1 Qe8 39.e5 Bd8 40.Be4 c5 41.fxg6 fxg6 42.Bd5+  1-0

[Event "UTD GM Invitational"]
[Site "Richardson USA"]
[Date "2012.03.11"]
[Round "3"]
[White "Lenderman,A"]
[Black "Iotov,V"]
[Result "0-1"]
[WhiteElo "2581"]
[BlackElo "2560"]

1.c4 c6 2.d4 d5 3.Nf3 Nf6 4.Nc3 dxc4 5.a4 Bf5 6.Ne5 Nbd7 7.Nxc4 Qc7 8.g3 e5
9.dxe5 Nxe5 10.Bf4 Nfd7 11.Bg2 g5 12.Ne3 gxf4 13.Nxf5 O-O-O 14.O-O fxg3 15.hxg3 h5
16.Qc2 Kb8 17.Rfd1 Ng6 18.Rac1 h4 19.Nb5 Qb6 20.Nbd4 hxg3 21.a5 gxf2+ 22.Kf1 Qc7
23.a6 Bc5 24.axb7 Qh2 25.Kxf2 Nh4 26.Qe4 Nf6 27.Qxh4 Rxh4 28.Rxc5 Rf4+ 29.Ke3 Ng4+  0-1

[Event "FSGM March 2012"]
[Site "Budapest HUN"]
[Date "2012.03.12"]
[Round "10"]
[White "Varga,Zo"]
[Black "Antipov,M2"]
[Result "1/2-1/2"]
[WhiteElo "2440"]
[BlackElo "2435"]

1.c4 c6 2.e4 d5 3.cxd5 cxd5 4.exd5 Nf6 5.Bb5+ Nbd7 6.Nc3 a6 7.Be2 Nb6 8.d4 Nbxd5
9.Nf3 e6 10.O-O Be7 11.Ne5 O-O 12.Bf3 Bd7 13.Qb3 Bc6 14.Nxc6 bxc6 15.Na4 Qa5
16.a3 Nd7 17.Qc2 Rfc8 18.Rd1 Rab8 19.Be2 c5 20.Bd2 Qc7 21.dxc5 Nxc5 22.Rac1 Qd7
23.Nxc5 Rxc5 24.Qb1  1/2-1/2

[Event "TCh-NED Meesterklasse 2011-12"]
[Site "Netherlands NED"]
[Date "2012.03.12"]
[Round "8.1"]
[White "Fridman,D"]
[Black "Ernst,S"]
[Result "1/2-1/2"]
[WhiteElo "2652"]
[BlackElo "2581"]

1.c4 c6 2.Nf3 d5 3.g3 Nf6 4.Bg2 dxc4 5.O-O Nbd7 6.Qc2 Nb6 7.Na3 Qd5 8.b3 cxb3
9.axb3 Be6 10.Nc4 Nxc4 11.bxc4 Qxc4 12.Qb1 Qb5 13.Bb2 Qb6 14.Bxf6 Qxb1 15.Rfxb1 exf6
16.Nd4 Bc5 17.Nxe6 fxe6 18.Ra5 Be7 19.Rxb7 Kf7 20.Bxc6 Rhb8 21.Rxb8 Rxb8
22.Rxa7 Rb2 23.Rd7 Rb6 24.Be4 Rd6 25.Rxd6 Bxd6 26.Bxh7 g6 27.f4 Kg7 28.Bxg6 Kxg6
29.Kg2 Bb4 30.d3 Bd2 31.Kf3 Kh5 32.d4 Bc3 33.e3 f5 34.h3 Bb2 35.Kf2 Ba1 36.Ke1 Bc3+
37.Ke2 Bb4 38.e4 fxe4 39.Ke3 Be1 40.g4+ Kh4 41.Kxe4 Bc3 42.Ke5 Bd2 43.f5 exf5
44.gxf5 Kg5 45.f6 Kg6 46.Ke6 Bg5 47.f7 Kg7 48.d5 Bh4 49.d6 Kf8 50.d7 Bd8
51.h4 Bxh4 52.d8=Q+ Bxd8 53.Kd7 Kxf7 54.Kxd8  1/2-1/2

[Event "Reykjavik Open"]
[Site "Reykjavik ISL"]
[Date "2012.03.12"]
[Round "8.45"]
[White "Hobber,A"]
[Black "Ragnarsson,J"]
[Result "1-0"]
[WhiteElo "2224"]
[BlackElo "2082"]

1.c4 c6 2.Nf3 d5 3.e3 Bg4 4.cxd5 Bxf3 5.Qxf3 cxd5 6.Nc3 Nf6 7.d4 e6 8.Bd3 Bd6
9.O-O Nc6 10.Bd2 O-O 11.Rac1 a6 12.Qh3 e5 13.Nxd5 g6 14.Nxf6+ Qxf6 15.d5 Nb4
16.Bc4 b5 17.Bxb4 Bxb4 18.Bb3 e4 19.Qg4 Rfe8 20.Rc7 Bd6 21.Rc6 Rad8 22.g3 a5
23.Qe2 a4 24.Bd1 Re5 25.Qxb5 Rb8 26.Qxa4 Rxd5 27.Bb3 Rd2 28.Qxe4 Rb4 29.Qxb4  1-0

[Event "ch-Moscow Final 2012"]
[Site "Moscow RUS"]
[Date "2012.03.13"]
[Round "4"]
[White "Belous,V"]
[Black "Mozharov,M"]
[Result "0-1"]
[WhiteElo "2524"]
[BlackElo "2474"]

1.c4 c6 2.d4 Nf6 3.Nf3 e6 4.e3 d5 5.b3 Nbd7 6.Bb2 Ne4 7.Nbd2 f5 8.Be2 Bd6
9.O-O Qf6 10.Qc1 O-O 11.Ba3 Bxa3 12.Qxa3 b6 13.Rac1 a5 14.Qb2 Nxd2 15.Qxd2 Bb7
16.Ne1 c5 17.Bf3 Rad8 18.cxd5 e5 19.Nc2 cxd4 20.exd4 e4 21.Be2 f4 22.Bc4 Qd6
23.b4 Bxd5 24.Bxd5+ Qxd5 25.bxa5 bxa5 26.Na3 Ne5 27.Rb1 Qxd4 28.Qxa5 Ra8
29.Nb5 Qxf2+ 30.Rxf2 Rxa5 31.Nd4 e3 32.Re2 Rd5 33.Ne6 Rf6 34.Ng5 Nc6 35.Nf3 g5
36.g4 Nd4 37.Nxd4 Rxd4  0-1

[Event "Reykjavik Open"]
[Site "Reykjavik ISL"]
[Date "2012.03.13"]
[Round "9.16"]
[White "Krush,I"]
[Black "Moen,A"]
[Result "1/2-1/2"]
[WhiteElo "2461"]
[BlackElo "2360"]

1.c4 c6 2.e4 d5 3.exd5 cxd5 4.d4 Nf6 5.Nc3 Nc6 6.Bf4 Bf5 7.Nf3 e6 8.c5 Be7
9.Bb5 O-O 10.Bxc6 bxc6 11.Ne5 Rc8 12.g4 Be4 13.f3 Bg6 14.Qa4 Nd7 15.Nxc6 Bh4+
16.Bg3 Bxg3+ 17.hxg3 Qe8 18.Nxa7 e5 19.O-O exd4 20.Qxd4 Rxc5 21.Nab5 Qb8
22.Kg2 Rxb5 23.Nxb5 Qxb5 24.a4 Qc4 25.Rfd1 Nc5 26.Qxc4 dxc4 27.a5 Bd3 28.a6 Ra8
29.a7 Kf8 30.Re1 f6 31.Ra5 Nb3 32.Ra6 Kf7 33.Ra4 Nd4 34.Kf2 Nc6 35.Ra6 c3
36.Rxc6 cxb2  1/2-1/2

[Event "ch-Moscow Final 2012"]
[Site "Moscow RUS"]
[Date "2012.03.14"]
[Round "5"]
[White "Dragomarezkij,E"]
[Black "Seliverstov,Vl"]
[Result "0-1"]
[WhiteElo "2411"]
[BlackElo "2377"]

1.c4 c6 2.Nf3 d5 3.e3 Nf6 4.Nc3 g6 5.d4 Bg7 6.Be2 O-O 7.O-O dxc4 8.Bxc4 Bg4
9.h3 Bxf3 10.Qxf3 Nbd7 11.Rd1 e5 12.d5 e4 13.Nxe4 Ne5 14.Nxf6+ Bxf6 15.Qe2 Nxc4
16.Qxc4 cxd5 17.Rxd5 Qb6 18.Rb5 Qd6 19.e4 Qd1+ 20.Qf1 Qc2 21.Bh6 Rfe8 22.Rxb7 Qxe4
23.Qb5 Rad8 24.Be3 Rd5 25.Qb3 a5 26.Rb8 Rxb8 27.Qxb8+ Kg7 28.Rc1 Qa4 29.a3 Be5
30.Bh6+ Kxh6 31.Qf8+ Bg7 32.Qxf7 Rd1+ 33.Rxd1 Qxd1+ 34.Kh2 Qd6+ 35.g3 Qf6
36.Qa7 Qd4  0-1

[Event "European Ind w Rapid 2012"]
[Site "Gaziantep TUR"]
[Date "2012.03.15"]
[Round "2"]
[White "Molchanova,T"]
[Black "Ushenina,A"]
[Result "1/2-1/2"]
[WhiteElo "2346"]
[BlackElo "2458"]

1.c4 c6 2.Nf3 d5 3.e3 Nf6 4.d4 e6 5.b3 Bb4+ 6.Nbd2 Nbd7 7.Bb2 Qe7 8.Bd3 Ba3
9.Qc1 Bxb2 10.Qxb2 b6 11.O-O Bb7 12.Rac1 O-O 13.Bb1 Rfc8 14.Ne5 c5 15.f4 g6
16.Ndf3 cxd4 17.exd4 dxc4 18.bxc4 Be4 19.Ng5 Bxb1 20.Qxb1 Rf8 21.Qd3 Kg7
22.Kh1 Rac8 23.h3 Nh5 24.Nxd7 Qxd7 25.d5 Kg8 26.Ne4 exd5 27.cxd5 f5 28.Rxc8 Rxc8
29.Ng5 Rd8 30.Rd1 Qd6 31.Ne6 Nxf4 32.Nxf4 Qxf4 33.d6 Qe4 34.Qb3+ Kg7 35.d7 Qe7
36.Qc3+ Qf6 37.Qc7 Qe7 38.Qxa7 Qe2 39.Qa4 Qe6 40.Qd4+ Kf7 41.Qd2 Kg8 42.a3 Kf7
43.a4 Kg8 44.Qd4 Kf7 45.Qh4 Qf6 46.Qxh7+ Ke6 47.Qh6 Ke7 48.Qe3+ Qe6 49.Qa3+ Kf7
50.Qd3 Qc6 51.Qd4 Qe6 52.Kh2 Qc6 53.Kh1 Qe6 54.Rd3 Qe1+ 55.Kh2 Qe6 56.Rd1 Qc6
57.Kh1 Qe6 58.Qd2 Qc6 59.Qg5 Rxd7 60.Rxd7+ Qxd7 61.Qe3 Qd1+ 62.Kh2 Qd6+ 63.Kh1 Kf6
64.Qb3 f4 65.Qb2+ Kg5 66.Qc2 Qd5 67.Qc7 Qd1+ 68.Kh2 Qxa4  1/2-1/2

[Event "European Ind w Rapid 2012"]
[Site "Gaziantep TUR"]
[Date "2012.03.15"]
[Round "2"]
[White "Mkrtchian,L"]
[Black "Girya,O"]
[Result "0-1"]
[WhiteElo "2458"]
[BlackElo "2406"]

1.c4 c6 2.Nf3 d5 3.e3 Nf6 4.Nc3 g6 5.d4 Bg7 6.Be2 O-O 7.O-O e6 8.b4 b6 9.a4 Bb7
10.Ba3 dxc4 11.Bxc4 Nbd7 12.Rc1 Rc8 13.Qe2 Qe7 14.Ba6 Bxa6 15.Qxa6 Nb8 16.Qc4 Nbd7
17.Qb3 e5 18.b5 c5 19.Nd5 Nxd5 20.Qxd5 Rfd8 21.Qb7 Qe6 22.dxc5 Nxc5 23.Bxc5 bxc5
24.Qxa7 e4 25.Ng5 Qf5 26.Nh3 c4 27.b6 Qc5 28.a5 c3 29.Nf4 Ra8 30.Qc7 Qxa5
31.Ne2 Rdc8 32.Qb7 Rab8 33.Qxe4 Rxb6 34.Rc2 Rb2 35.Nd4 Bxd4 36.exd4 Qa4 37.Rcc1 c2
38.h3 Rb4 39.Qg4 Rcc4 40.Qe2 Rb8 41.d5 Rbc8 42.Rfe1 Qd7 43.Qd2 R8c5 44.d6 Rc6
45.Qe2 Qxd6 46.Qe8+ Kg7 47.Re7 Qf4 48.Ree1 Re6 49.Rxe6 Qxc1+ 50.Re1 Qxe1+  0-1

[Event "European Ind w Rapid 2012"]
[Site "Gaziantep TUR"]
[Date "2012.03.15"]
[Round "6"]
[White "Galojan,L"]
[Black "Ushenina,A"]
[Result "1-0"]
[WhiteElo "2364"]
[BlackElo "2458"]

1.c4 c6 2.d4 d5 3.Nf3 dxc4 4.e3 Be6 5.Ng5 Qa5+ 6.Nc3 Qxg5 7.e4 Qa5 8.f4 g6
9.g4 Bg7 10.f5 Bc8 11.Bxc4 b5 12.Bb3 b4 13.Ne2 Nf6 14.Ng3 gxf5 15.gxf5 Ba6
16.Bf4 h5 17.Qf3 h4 18.Nf1 Nbd7 19.Rg1 Bf8 20.Rc1 Bb7 21.Ne3 Nh5 22.Nc4 Qb5
23.Be3 a5 24.Kf2 Bg7 25.Rg5 Ndf6 26.Ne5 Rf8 27.Rxh5 Nxh5 28.Rc5 Qa6 29.Qxh5 Bxe5
30.Rxe5 a4 31.f6 e6 32.Bxe6 Kd8 33.Qh6 Kc7 34.Bg4 Qc4 35.Be2 Qxa2 36.Re7+ Kb8
37.Qf4+ Ka7 38.Qc7 Rab8  1-0

[Event "European Ind w Rapid 2012"]
[Site "Gaziantep TUR"]
[Date "2012.03.15"]
[Round "8"]
[White "Molchanova,T"]
[Black "Sedina,E"]
[Result "0-1"]
[WhiteElo "2346"]
[BlackElo "2353"]

1.c4 c6 2.Nf3 d5 3.e3 Nf6 4.d4 g6 5.b3 Bg7 6.Bb2 O-O 7.Be2 a5 8.a3 a4 9.b4 dxc4
10.Bxc4 Nbd7 11.Nc3 Nb6 12.Ba2 Bg4 13.h3 Bxf3 14.Qxf3 e5 15.Rd1 exd4 16.Ne2 d3
17.Nf4 Nfd7 18.Bxg7 Kxg7 19.Qg3 Qe7 20.Nxd3 Nf6 21.Qe5 Qxe5 22.Nxe5 Nbd5
23.Bc4 Rfe8 24.Nf3 Rad8 25.O-O Nc3 26.Rc1 Nfe4 27.Rfe1 Nd5 28.Bf1 f5 29.Rc2 Kf6
30.Nd2 Nxd2 31.Rxd2 Nc3 32.Rc2 Ne4 33.b5 c5 34.f3 Ng3 35.Bc4 f4 36.Kf2 Nf5
37.exf4 Rxe1 38.Kxe1 Ne3 39.Rc1 Nxg2+ 40.Kf1 Nxf4 41.b6 Rd6 42.Bb5 Rxb6 43.Rxc5 Nxh3
44.Bxa4 Rb2 45.Bd7 Rf2+ 46.Ke1 Rxf3 47.a4 Nf4 48.Rb5 Re3+ 49.Kf2 Ra3 50.Rxb7 h5
51.Ra7 h4 52.Ra8 g5 53.a5 Nd3+ 54.Kg2 Nf4+ 55.Kf2 Nd3+ 56.Kg2 Ne5 57.Ra6+ Kg7
58.Bf5 Ra2+ 59.Kh3 Ra3+ 60.Kg2 g4 61.Re6 h3+ 62.Kh1 Ra1+ 63.Kh2 Ra2+ 64.Kh1 Nf3  0-1

[Event "e2e4 High Wycombe Open"]
[Site "High Wycombe ENG"]
[Date "2012.03.16"]
[Round "1"]
[White "Taylor,Adam C"]
[Black "Cairns,Stephen"]
[Result "1/2-1/2"]
[WhiteElo "1865"]
[BlackElo "2098"]

1.c4 c6 2.Nc3 d5 3.d4 Nf6 4.Bg5 e6 5.e3 Nbd7 6.Nf3 Qa5 7.cxd5 Nxd5 8.Qb3 Bb4
9.Rc1 h6 10.Bh4 O-O 11.Bd3 Re8 12.O-O Nxc3 13.bxc3 Be7 14.Bg3 b6 15.Nd2 Ba6
16.Nc4 Qh5 17.Qd1 Nf6 18.Be5 Qxd1 19.Rfxd1 Red8 20.f3 Bb7 21.Rb1 Nd5 22.Rdc1 Ba6
23.e4 Ne3 24.Nxe3 Bxd3 25.Rb3 Ba6 26.Rd1 Rd7 27.c4 Rad8 28.d5 cxd5 29.cxd5 Kf8
30.Rc3 f6 31.Bg3 Be2 32.Rdc1 Bb4 33.Rb3 Bc5 34.Bf2 Bxe3 35.Rxe3 Ba6 36.dxe6 Rd1+
37.Re1 Rxc1 38.Rxc1 Rc8 39.Rxc8+  1/2-1/2

[Event "e2e4 High Wycombe Open"]
[Site "High Wycombe ENG"]
[Date "2012.03.17"]
[Round "2"]
[White "Stewart,Ashley"]
[Black "Dixit,Kumar"]
[Result "0-1"]
[WhiteElo "2014"]
[BlackElo "1846"]

1.c4 c6 2.Nf3 d5 3.d4 Nf6 4.Qc2 e6 5.g3 Bb4+ 6.Bd2 Qe7 7.Bg2 O-O 8.O-O Nbd7
9.a3 Bxd2 10.Nbxd2 b6 11.e4 dxe4 12.Nxe4 Bb7 13.Rac1 c5 14.Nxf6+ Qxf6 15.Ng5 Qxg5
16.Bxb7 Rad8 17.Rfd1 cxd4 18.Rxd4 Nc5 19.Rxd8 Rxd8 20.Bg2 Rd2 21.Qc3 Na4
22.Qf3 Nxb2 23.Qa8+ Qd8 24.Qxa7 Nxc4 25.Qa4 Nb2 26.Qa7 g6 27.Rf1 Qd4 28.Bb7 Nc4
29.Bf3 Kg7 30.a4 Ra2 31.Bc6 Nd2 32.Be8 Nxf1 33.Qxf7+ Kh6 34.Qf8+ Qg7 35.Qf4+ g5
36.Qg4 Qf6 37.Qh3+ Kg7 38.Qg2 Ne3 39.Qb7+ Kh6  0-1

[Event "TCh-BEL 2011-12"]
[Site "Belgium BEL"]
[Date "2012.03.18"]
[Round "10.6"]
[White "Le Quang,K"]
[Black "Krueger,An"]
[Result "1-0"]
[WhiteElo "2326"]
[BlackElo "2145"]

1.c4 c6 2.g3 d5 3.Nf3 Bg4 4.Bg2 Nd7 5.cxd5 cxd5 6.O-O Ngf6 7.d3 e6 8.Nc3 Be7
9.h3 Bh5 10.Bf4 O-O 11.Rc1 Rc8 12.g4 Bg6 13.Bg3 h5 14.g5 Nh7 15.h4 f6 16.Nd4 Qb6
17.Nxe6 Rxc3 18.Nxf8 Rxc1 19.Nxg6 Kf7 20.Qxc1 Kxg6 21.Qc8  1-0

[Event "TCh-BEL 2011-12"]
[Site "Belgium BEL"]
[Date "2012.03.18"]
[Round "10.2"]
[White "Istratescu,A"]
[Black "Swinkels,R"]
[Result "1-0"]
[WhiteElo "2650"]
[BlackElo "2494"]

1.c4 c6 2.Nf3 d5 3.e3 g6 4.Nc3 Bg7 5.d4 Nf6 6.Bd3 O-O 7.O-O Nbd7 8.cxd5 cxd5
9.Bd2 b6 10.Qb3 Bb7 11.Rfc1 e5 12.Nxe5 Nxe5 13.dxe5 Ng4 14.Be2 Nxe5 15.Nb5 a6
16.Nd4 Re8 17.Bc3 Rc8 18.Rd1 Rc5 19.a4 h5 20.h3 Nc4 21.Rac1 Nd6 22.Bf3 Qc7
23.Ne2 Bxc3 24.Rxc3 Ne4 25.Bxe4 Rxe4 26.Nd4 Re8 27.Rdc1 Rc8 28.a5 Qd6 29.Qxb6 Qxb6
30.axb6 Rxc3 31.Rxc3 Rxc3 32.bxc3 a5 33.Kf1 a4 34.Ke1 Kf8 35.Kd2 Ke7 36.Kc2 Kd6
37.Kb2 Kc5 38.Ka3 Kxb6 39.Kxa4 Kc5 40.Kb3 Ba6 41.h4 Bf1 42.g3 Bd3 43.Kb2 Ba6
44.Kc2 Bf1 45.f3 Bh3 46.Kd3 Bc8 47.Nb3+ Kd6 48.Kd4 Bh3 49.Nd2 Bc8 50.e4 dxe4
51.Nxe4+ Ke7 52.Ke5 Bh3 53.Nf6 Bg2 54.f4 Bf3 55.c4 Be2 56.c5 Bf3 57.f5  1-0

[Event "e2e4 High Wycombe Open"]
[Site "High Wycombe ENG"]
[Date "2012.03.18"]
[Round "4"]
[White "Holland,J"]
[Black "Lee,Ka"]
[Result "1/2-1/2"]
[WhiteElo "2200"]
[BlackElo "2093"]

1.c4 c6 2.Nf3 d5 3.b3 Nf6 4.Bb2 e6 5.e3 Nbd7 6.d4 Bd6 7.Bd3 O-O 8.Nbd2 Qe7
9.Ne5 Bb4 10.Qc2 h6 11.Nxd7 Nxd7 12.f4 f5 13.Bc3 Bxc3 14.Qxc3 b6 15.Nf3 Bb7
16.O-O Rac8 17.Rac1 c5 18.Qb2 Qd6 19.Ne5 Nxe5 20.fxe5 Qe7 21.Qf2 Ba6 22.Rfd1 Rfd8
23.cxd5 Bxd3 24.d6 Qd7 25.Rxd3 cxd4 26.Rxc8 Rxc8 27.Qd2 dxe3 28.Rxe3 Qb5
29.Rc3 Rd8 30.Qd4 f4 31.Kf2 Qa5 32.a4 b5 33.Qc5 Kh7 34.Rd3 Kg6 35.Qc2 Qb6+
36.Rd4+ Kf7 37.Qc7+ Qxc7 38.dxc7 Rc8 39.Rd7+ Kg6 40.axb5 Kf5 41.Rxg7 Kxe5
42.Rd7 Kf5 43.Kf3 e5 44.g4+ fxg3 45.hxg3 Ke6 46.Rh7 Kd5 47.g4 Rf8+ 48.Ke3 Rc8
49.Kd3 e4+ 50.Ke3 Ke5 51.Rxh6 Rxc7 52.Rh5+ Kf6 53.Kxe4 Rc3 54.Kd4 Rxb3 55.Kc5 Rc3+
56.Kb4 Rg3 57.Rf5+ Ke6 58.Rf4 Ke5 59.Rc4 Kd5 60.g5 Rg1 61.Rc5+ Kd4 62.Rf5 Rb1+
63.Ka3 Ke4 64.Rc5 Kd4 65.Ka2 Rb4 66.Rf5 Ke4 67.Rf7 Rxb5 68.g6 Rg5 69.g7 Ke5
70.Rxa7 Kf6 71.g8=N+ Rxg8  1/2-1/2

[Event "TCh-SUI National A 2012"]
[Site "Switzerland SUI"]
[Date "2012.03.18"]
[Round "1.4"]
[White "Pelletier,Y"]
[Black "Sermier,G"]
[Result "1/2-1/2"]
[WhiteElo "2589"]
[BlackElo "2413"]

1.c4 c6 2.e4 d5 3.exd5 cxd5 4.cxd5 Nf6 5.Nc3 Nxd5 6.Nf3 e6 7.d4 Bb4 8.Bd2 Nc6
9.Bd3 h6 10.O-O O-O 11.Qe2 Bd6 12.Rad1 Bd7 13.Bb1 f5 14.Nxd5 exd5 15.Bc3 Qb6
16.Ne5 Bxe5 17.dxe5 Be6 18.Qd2 Rac8 19.Bd4 Nxd4 20.Qxd4 Qxd4 21.Rxd4 Rc4
22.Rd2 f4 23.f3 Kf7 24.Kf2 Rfc8 25.g3 g5 26.Bd3 Rc1 27.gxf4 gxf4 28.Rdd1 Rxd1
29.Rxd1 Ke7 30.h4 Rg8 31.Bf1 Rc8 32.Bd3 Rg8 33.Rc1 Rc8 34.Rg1 Rg8 35.Rc1 Rc8
36.Rg1 Rg8  1/2-1/2

[Event "13th EICC"]
[Site "Plovdiv BUL"]
[Date "2012.03.20"]
[Round "1.96"]
[White "Rakhmanov,Ale"]
[Black "Dobre,ClC"]
[Result "1-0"]
[WhiteElo "2602"]
[BlackElo "2334"]

1.c4 c6 2.d4 d5 3.Nf3 Nf6 4.Qb3 dxc4 5.Qxc4 Bf5 6.g3 e6 7.Bg2 Be7 8.O-O Nbd7
9.e3 O-O 10.Rd1 e5 11.Nc3 Qc7 12.h3 Rfe8 13.dxe5 Nxe5 14.Nxe5 Qxe5 15.e4 Be6
16.Qe2 Bb4 17.Bf4 Qa5 18.Bd2 Rad8 19.a3 Bxc3 20.Bxc3 Qa4 21.Rxd8 Rxd8 22.Qe3 Re8
23.Qf4 Nd7 24.Qd6 Nb6 25.Qe5 f6 26.Qc7 Bc8 27.e5 fxe5 28.Bxe5 Nd7 29.Bc3 Qc4
30.Re1 Qf7 31.Rxe8+ Qxe8 32.Bd4 a6 33.a4 Nf6 34.g4 Qd7 35.Qf4 Nd5 36.Qe5 Qf7
37.a5 Nf4 38.Bf1 h6 39.Qb8 Qf8 40.Be5 Nd5 41.Bd3 Kf7 42.Kg2 Qd8 43.Kg3 Ne7
44.Bc4+ Kg6 45.Bd6 Kf6 46.Bxe7+ Kxe7 47.Qe5+ Kf8 48.Qf4+ Ke7 49.Qf7+ Kd6
50.Qxg7 Qxa5 51.Qxh6+  1-0

[Event "13th EICC"]
[Site "Plovdiv BUL"]
[Date "2012.03.20"]
[Round "1.84"]
[White "Markowski,T"]
[Black "Laurusas,T"]
[Result "0-1"]
[WhiteElo "2612"]
[BlackElo "2360"]

1.c4 c6 2.Nf3 Nf6 3.g3 d5 4.b3 Bg4 5.Bg2 Nbd7 6.Bb2 e6 7.O-O Bd6 8.d3 O-O
9.Nbd2 a5 10.a3 Qe7 11.Qc2 e5 12.e3 h6 13.Rfe1 b5 14.cxd5 cxd5 15.Rec1 Bf5
16.Nh4 Be6 17.h3 Ra7 18.Nhf3 Rc7 19.Qd1 Rfc8 20.Rxc7 Rxc7 21.Rc1 Qd8 22.Bf1 Qb8
23.Kg2 Ne8 24.Be2 Rxc1 25.Qxc1 Qc7 26.Qd1 Qc8 27.Kh2 Nef6 28.Bf1 b4 29.axb4 axb4
30.Qb1 Qc7 31.Ne1 Nc5 32.Bg2 Bf5 33.Bf1 Be6 34.Qa1 Ncd7 35.Bg2 Bf5 36.Bxd5 Nxd5
37.Qa8+ Kh7 38.Qxd5 Be6 39.Qb5 Qc5 40.Qa6 Qd5 41.d4 e4 42.f3 Nc5 43.Qf1 f5
44.Nc4 Nxb3 45.Nxd6 Qxd6 46.Qf2 Na5 47.fxe4 fxe4 48.Ng2 Nc4 49.Nf4 b3 50.d5 Bxd5
51.Bd4 Ne5 52.Qb2 Nf3+ 53.Kg2 Bc4 54.Qc3 Nxd4 55.exd4 Qc6 56.Kf2 Qb5 57.d5  0-1

[Event "ch-VIE Women 2012"]
[Site "Can Tho VIE"]
[Date "2012.03.21"]
[Round "5.10"]
[White "Nguyen,Truong Bao Tran"]
[Black "Nguyen Thi Hanh"]
[Result "1-0"]
[WhiteElo "1908"]
[BlackElo "1943"]

1.c4 c6 2.d4 d5 3.e3 a6 4.Nf3 Nf6 5.b3 Bg4 6.Be2 e6 7.O-O Bd6 8.Nbd2 O-O
9.Bb2 Nbd7 10.Rc1 Rc8 11.h3 Bh5 12.Ne5 Bxe2 13.Qxe2 Qe7 14.f4 Ne8 15.e4 Ndf6
16.Ng4 Nxg4 17.hxg4 Bb4 18.e5 Bxd2 19.Qxd2 f5 20.g5 dxc4 21.bxc4 Nc7 22.Rf3 Rfd8
23.Ba3 Qd7 24.Bd6 b5 25.Rfc3 a5 26.Bxc7 Qxc7 27.cxb5 c5 28.Qb2 Rxd4 29.Rxc5 Rd1+
30.Kh2 Rxc1 31.Rxc7 R1xc7 32.Qb3 Kf7 33.a4 Rd8 34.Qf3 g6 35.Qh3 Kg7 36.Qb3 Kf7
37.Qh3 Kg7 38.Qe3 Rb8 39.Qd2 Ra7 40.Qd6 Re8 41.Kg3 Kf7 42.Kf3 Rc8 43.Qb6 Rcc7
44.Kg3 Rcb7 45.Qd8 Kg7 46.Qf6+ Kg8 47.Qxe6+ Kg7 48.Qf6+ Kg8 49.Qd8+ Kg7 50.b6 Ra6
51.e6 Raxb6 52.e7  1-0

[Event "13th EICC"]
[Site "Plovdiv BUL"]
[Date "2012.03.21"]
[Round "2.49"]
[White "Lupulescu,C"]
[Black "Alonso Rosell,A"]
[Result "1/2-1/2"]
[WhiteElo "2616"]
[BlackElo "2513"]

1.c4 c6 2.Nf3 d5 3.g3 Nf6 4.Bg2 dxc4 5.O-O Nbd7 6.Na3 Nb6 7.Qc2 Be6 8.Ng5 Bg4
9.Nxc4 Bxe2 10.Ne5 Bh5 11.Re1 Nbd7 12.d4 e6 13.Bxc6 bxc6 14.Nxc6 Rc8 15.d5 Nxd5
16.Nxe6 fxe6 17.Rxe6+ Be7 18.Qf5 Rxc6 19.Qxh5+ g6 20.Qxd5 Rxe6 21.Qxe6 Qb6
22.Qd5 Qd6 23.Qa8+ Qb8 24.Qc6 Qb6 25.Qc8+ Qd8 26.Qc6 O-O 27.Be3 Nb6 28.Rc1 Qd5
29.Qxd5+ Nxd5 30.Bxa7 Ra8 31.Bd4 Rxa2 32.h4 Kf7 33.Kg2 Ra4 34.Rd1 Rc4 35.Ba7 Nb4
36.Rd2 Nc6 37.Be3 Ne5 38.Rd5 Ng4 39.Bf4 Rc2 40.Rd2 Rxd2 41.Bxd2 Bc5 42.Be1 Ne5
43.b4 Bb6 44.f4 Nd3 45.Bd2 h5 46.Kf3 Ke6 47.b5 Kf5 48.Be3 Nc5 49.Bd4 Na4
50.Bxb6 Nxb6 51.Ke3 Kg4 52.Kf2 Nd5 53.Kg2 Kf5 54.Kf3 Ke6 55.g4 Nf6 56.gxh5 gxh5
57.b6 Kf5 58.b7 Nd7 59.Ke3 Kg4 60.Kd4 Kxf4  1/2-1/2

[Event "13th EICC"]
[Site "Plovdiv BUL"]
[Date "2012.03.21"]
[Round "2.92"]
[White "Matlakov,M"]
[Black "Schachinger,M"]
[Result "1-0"]
[WhiteElo "2632"]
[BlackElo "2391"]

1.c4 c6 2.Nf3 d5 3.e3 Nf6 4.Nc3 e6 5.b3 Nbd7 6.Qc2 Bd6 7.Bb2 O-O 8.Be2 Qe7
9.O-O e5 10.cxd5 Nxd5 11.Ne4 Bc7 12.Ng3 g6 13.d4 Re8 14.dxe5 Nxe5 15.Rad1 Nb4
16.Qd2 a5 17.a3 Nd5 18.e4 Nxf3+ 19.Bxf3 Nf6 20.e5 Bxe5 21.Rfe1 Nd7 22.Bg4 f5
23.Bxf5 gxf5 24.f4 Qc5+ 25.Kh1 Bxb2 26.Rxe8+ Kf7 27.Rxc8  1-0

[Event "13th EICC"]
[Site "Plovdiv BUL"]
[Date "2012.03.21"]
[Round "2.141"]
[White "Valsecchi,A"]
[Black "Stamnov,A"]
[Result "1/2-1/2"]
[WhiteElo "2429"]
[BlackElo "2184"]

1.c4 c6 2.e4 d5 3.exd5 cxd5 4.cxd5 Nf6 5.Nc3 g6 6.Nf3 Bg7 7.Bc4 O-O 8.O-O Nbd7
9.d3 a6 10.a4 Nb6 11.Qb3 Bg4 12.Nd2 Qc7 13.Re1 Rac8 14.a5 Nxc4 15.dxc4 Bf5
16.Ra4 Ng4 17.Nf3 Bd3 18.h3 Ne5  1/2-1/2

[Event "13th EICC"]
[Site "Plovdiv BUL"]
[Date "2012.03.21"]
[Round "2.41"]
[White "Hracek,Z"]
[Black "Michalik,P"]
[Result "1/2-1/2"]
[WhiteElo "2627"]
[BlackElo "2529"]

1.c4 c6 2.Nf3 d5 3.g3 Nf6 4.Bg2 Bf5 5.cxd5 cxd5 6.Qb3 Bc8 7.O-O Nc6 8.d3 e6
9.Nc3 Bd6 10.Nb5 Bb8 11.Be3 O-O 12.Rac1 Ne8 13.Nfd4 Ne7 14.Nf3 b6 15.Rc2 Nd6
16.Rfc1 Nxb5 17.Qxb5 Bd6 18.Bf4 Bd7 19.Qa6 Bc8 20.Qb5 Bd7 21.Qa6 Bc8 22.Qa4 Bd7
23.Qb3 Bxf4 24.gxf4 Ng6 25.e3 Qe7 26.Rc7 Rfc8 27.Ne5 Nxe5 28.fxe5 Rxc7 29.Rxc7 Rc8
30.Qc3 Qd8 31.Rxc8 Qxc8 32.Qxc8+ Bxc8 33.d4 Ba6 34.e4 dxe4 35.Bxe4 g5 36.Kg2 Kg7
37.Kg3 h6 38.f4 f5 39.Bc6 Bd3 40.b4 Bc4 41.a3 Kf7  1/2-1/2